LEADER 01430nam 2200349 n 450 001 996394558603316 005 20200824120547.0 035 $a(CKB)3810000000009330 035 $a(EEBO)2248493081 035 $a(UnM)99828194e 035 $a(UnM)99828194 035 $a(EXLCZ)993810000000009330 100 $a19950404d1657 uy | 101 0 $aeng 135 $aurbn||||a|bb| 200 00$aPropria quĉ maribus, quĉ genus, and as in prĉsenti, Englished and explained$b[electronic resource] $efor the use of young grammarians. By Charls Hoole, Master of Arts, teacher of a private grammar-school, in Arundel-house (heretofore the Token-house) in Lothbury, not far from the Royal Exchange London 210 $aLondon $cprinted by W.G. for John Saywell, and are to be sold at his shop in Little-Brittain without Aldersgate, at the sign of the Greyhound$d1657 215 $a[2], 128 p 300 $aIncludes indexes. 300 $aReproduction of the original in the Bodleian Library. 330 $aeebo-0014 606 $aLatin language$xGrammar$vEarly works to 1800 615 0$aLatin language$xGrammar 700 $aHoole$b Charles$f1610-1667.$0793350 801 0$bCu-RivES 801 1$bCu-RivES 801 2$bCStRLIN 801 2$bWaOLN 906 $aBOOK 912 $a996394558603316 996 $aPropria quĉ maribus, quĉ genus, and as in prĉsenti, Englished and explained$92391189 997 $aUNISA